| 000 | 00560nam a2200157Ia 4500 | ||
|---|---|---|---|
| 008 | 170221s9999 xx 000 0 und d | ||
| 100 | _aEmmanuel B. Olusola | ||
| 245 | _aSmall Group Communication and the Asset Mapping Methodology: Enhancing Participation in the Small Christian Communities in Nigeria Emmanuel B. Olusola | ||
| 245 | _cEmmanuel B. Olusola | ||
| 260 | _bOnline Journal of Communication and Media Technologies | ||
| 260 | _c2011 | ||
| 300 | _a1 : 2 | ||
| 650 | _xCommunication | ||
| 650 | _xMedia Arts | ||
| 856 | _uhttp://www.ojcmt.net/ | ||
| 999 |
_c307350 _d307350 |
||